000 00376nam a2200133Ia 4500
003 OSt
008 191201s2014 xx 000 0 und d
100 _aASSOCIATION OF INDIAN UNIVERSITIES
245 0 _aUniversities Hand Book Vol- II 2014 (L- Z)
260 _aN. Delhi
_bAssociation of Indian Universities
_c2014
300 _a1-1118
650 _aGeneral Books
942 _2ddc
_cBK
999 _c6318
_d6318